000 00853nam a2200241 a 4500
001 000038128
003 DO-SdBNP
005 20250307085729.0
008 130315s1975 dr 000 0 spa d
040 _aDO-SdBNP
_bspa
_cBNPHU
082 _a972.93053
_bB171p, 1975
100 1 _a Balaguer, Joaquín,
_d1906-2002
_976556
245 1 3 _aLa palabra encadenada /
_cJoaquín Balaguer.
260 _aSanto Domingo :
_b[s. n.],
_c1975.
300 _a312 p. :
_bil., retr. ;
_c23 cm.
490 1 _aDiscursos
_v4
500 _aIncluye referencias bibliográficas y notas al pie de las páginas.
600 1 0 _a Balaguer, Joaquín,
_d1906-2002
_xEnsayos, conferencias, etc.
_976556
651 1 4 _aRepública Dominicana
_xPolítica y gobierno
_y1930-1961
_964336
830 0 _aDiscursos
_v4
_912120
910 _aValidado. Control de calidad MFF
942 _2ddc
_cLBS1
999 _c37618
_d37618